| 000 | 00565nam a2200193 u 4500 | ||
|---|---|---|---|
| 005 | 20220910063640.0 | ||
| 008 | 080609s2006 r 000 0 eng d | ||
| 020 | _a8424187660 | ||
| 035 | _aUPN01000156660 | ||
| 049 | _aI | ||
| 050 | 4 |
_aPZ6101 _bC7.26 |
|
| 100 | 1 |
_aCruz-Contarini, Rafael, _d1960- _932493 |
|
| 245 | 1 | 0 |
_aA pasarlo bien jugando / _cRafael Cruz-Contarini ; il. Maribel Suárez. |
| 260 |
_aLeón, Esp. : _bEverest, _c2006. |
||
| 300 |
_a23 p. : _bil. col. |
||
| 440 | 0 | _aPequeño mundo | |
| 650 | 7 |
_aPoesía infantil _2 _91259 |
|
| 905 | _aInfantil | ||
| 999 |
_c128774 _d128774 |
||